| Tag |
First Indicator |
Second Indicator |
Subfields |
| LEADER |
00000cam a2200000 4500 |
| 001 |
in00000084627 |
| 005 |
20151008053158.0 |
| 008 |
720125s1958 nyu 00000 eng u |
| 010 |
|
|
|a 57014528
|
| 035 |
|
|
|a (OCoLC)00228259
|
| 035 |
|
|
|9 AAH6546AM
|
| 040 |
|
|
|c CSU
|d TXA
|d UtOrBLW
|
| 049 |
|
|
|a TXAM
|c 2 [301317]
|
| 050 |
|
0 |
|a LB3051
|b .F8
|
| 092 |
|
|
|a 371.26
|b F991c
|
| 100 |
1 |
|
|a Furst, Edward J.
|
| 245 |
1 |
0 |
|a Constructing evaluation instruments.
|
| 250 |
|
|
|a [1st ed.].
|
| 264 |
|
1 |
|a New York :
|b Longmans, Green,
|c 1958.
|
| 300 |
|
|
|a 334p :
|b illustrations ;
|c 24cm.
|
| 336 |
|
|
|a text
|b txt
|2 rdacontent
|
| 337 |
|
|
|a unmediated
|b n
|2 rdamedia
|
| 338 |
|
|
|a volume
|b nc
|2 rdacarrier
|
| 650 |
|
0 |
|a Educational tests and measurements.
|
| 999 |
|
|
|a MARS
|
| 999 |
f |
f |
|s b4768b2f-e59c-36c8-b415-cfcdd6cdda16
|i 609bed25-3b56-364e-b06b-c07c568efea7
|t 0
|
| 952 |
f |
f |
|p normal
|a Texas A&M University
|b College Station
|c Sterling C. Evans Library
|d Evans: Library Stacks
|t 0
|e LB3051 .F8
|h Library of Congress classification
|i unmediated -- volume
|m A14800833109
|
| 998 |
f |
f |
|a LB3051 .F8
|t 0
|l Evans: Library Stacks
|